OPAC Home

The Fishes of the indo - austraalian archipelago (Record no. 234962)

MARC details
000 -LEADER
fixed length control field 00595nam a22002297a 4500
003 - CONTROL NUMBER IDENTIFIER
control field LK-CoDNM
005 - DATE AND TIME OF LATEST TRANSACTION
control field 20250106103532.0
008 - FIXED-LENGTH DATA ELEMENTS--GENERAL INFORMATION
fixed length control field 250103b |||||||| |||| 00| 0 eng d
040 ## - CATALOGING SOURCE
Original cataloging agency LK-CoDNM
Modifying agency LK-CoDNM
Description conventions LK-CoDNM
041 ## - LANGUAGE CODE
Language code of text/sound track or separate title English
080 ## - UNIVERSAL DECIMAL CLASSIFICATION NUMBER
Universal Decimal Classification number 4
Item number C22
942 ## - ADDED ENTRY ELEMENTS (KOHA)
Koha item type Books
100 ## - MAIN ENTRY--PERSONAL NAME
Personal name bleeker p.
110 ## - MAIN ENTRY--CORPORATE NAME
Corporate name or jurisdiction name as entry element max weber dr.
111 ## - MAIN ENTRY--MEETING NAME
Meeting name or jurisdiction name as entry element beaufort l.f
245 ## - TITLE STATEMENT
Title The Fishes of the indo - austraalian archipelago
246 ## - VARYING FORM OF TITLE
Title proper/short title index of the ichthyological papers
260 ## - PUBLICATION, DISTRIBUTION, ETC. (IMPRINT)
Name of publisher, distributor, etc. brill ltd e.j
Date of publication, distribution, etc. 1911
300 ## - PHYSICAL DESCRIPTION
Extent 372p. ill ; 23 cm
650 ## - SUBJECT ADDED ENTRY--TOPICAL TERM
Topical term or geographic name as entry element science
650 ## - SUBJECT ADDED ENTRY--TOPICAL TERM
Topical term or geographic name as entry element maps

No items available.

Copyright © 2023 Department of National Museum, Colombo 07, Sri Lanka Funded by UNESCO IFAP UNESCO